000 00596nam a2200205Ia 4500
008 220216s9999 xx 000 0 und d
100 _aVenkatachalam P.
245 0 _aIdentification of DNA polymorphism among clones of Hevea brasiliensis Muell. arg. using RAPD analysis
260 _bIndian Journal of Natural Rubber Research
_c2002
300 _a172-181
650 _aDNA polymorphism
650 _aRAPD
700 _aGireesh T.
700 _aPriya P.
700 _aSaraswathyamma C.K.
700 _aThanseem I.
700 _aThomas S.
700 _aThulaseedharan A.
942 _cBS
999 _c48793
_d48793